000 00485cam a2200157 4500500
005 20260405000356.0
041 _afre
042 _adc
100 1 0 _aGuillaume, Marc
_eauthor
245 0 0 _aDe la catastrophe à la joie
260 _c2007.
500 _a70
690 _aJean Baudrillard
786 0 _nPhilosophie magazine | 8 | 4 | 2007-04-01 | p. 6-6 | 1951-1787
856 4 1 _uhttps://shs.cairn.info/magazine-philosophie-magazine-2007-4-page-6?lang=fr&redirect-ssocas=7080
999 _c2036521
_d2036521